000 00562nam a2200157 i 4500
001 147319
003 ES-MaACL
007 t|
008 070927s1946 sp ||||1| spa d
100 1 _aUdall, D. H.
_9111860
245 1 0 _aPráctica de la clínica veterinaria /
_cpor D.H. Udall ; primera edición española, traducida de la tercera inglesa y anotada por C. Ramón Danés Casabosch.
260 _aBarcelona :
_bSalvat,
_c1946.
300 _aXVII, 760 p. :
_bil. ;
_c24 cm.
700 1 _aDanés Casabosch, Ramón.
_942612
852 _aES-MaACL
_jE-48
_bR.22071
999 _c147319
_d147319